Greek Logos With Text Removed 5 - Statistics

General Stats
  • This quiz has been taken 3 times
  • The average score is 8 of 16
Answer Stats
Picture Answer % Correct
Aegean
100%
Μαλαματίνα
67%
Μουστάκας
67%
Λέοντος
67%
Το Χαμόγελο Του Παιδιού
67%
Κέδρος
67%
Πλαίσιο
67%
Minoan Lines
67%
Αβγά Βλαχάκη
33%
Ολύμπος Γαλακτοβιομηχανία Λάρισας
33%
Νερά Κρήτης
33%
Άσσος
33%
Φάγε
33%
Εζα
33%
ΙΕΚ Ακμή
33%
Metaxa
33%
No matching quizzes found
Score Distribution
Percent of People with Each Score
Percentile by Number Answered
Your Score History
You have not taken this quiz